000 nam a22 7a 4500
999 _c46180
_d46180
003 OSt
005 20190410154253.0
008 190410b xxu||||| |||| 00| 0 eng d
040 _cIIMT UNIVERSITY
100 _aD.S. KUMAR
245 _aMECHANICAL ENGINEERING
250 _a4TH
260 _aNEW DELHI
_bKATSON
_c2008
300 _a820
942 _2ddc
_c09